Memoria del secretario D. Juvenal de Vega y discurso del presidente D. Publio Hurtado (Registro nro. 145906)

Detalles MARC
000 -LEADER
campo de control de longitud fija 00667nam a2200193 i 4500
001 - NÚMERO DE CONTROL
campo de control 145906
003 - IDENTIFICADOR DE NÚMERO DE CONTROL
campo de control ES-MaACL
005 - FECHA Y HORA DE LA ÚLTIMA TRANSACCIÓN
campo de control 20230906201343.0
007 - CAMPO FIJO DE DESCRIPCIÓN FÍSICA--INFORMACIÓN GENERAL
campo de control de longitud fija t|
008 - DATOS DE LONGITUD FIJA--INFORMACIÓN GENERAL
campo de control de longitud fija 071017s1925 sp |||| | spa d
110 2# - ENTRADA PRINCIPAL--NOMBRE DE ENTIDAD CORPORATIVA
Nombre de entidad corporativa o nombre de jurisdicción como elemento de entrada Ateneo de Cáceres.
9 (RLIN) 1859
245 10 - MENCIÓN DEL TÍTULO
Título Memoria del secretario D. Juvenal de Vega y discurso del presidente D. Publio Hurtado
Resto del título : leídos en la solemne sesión inaugural de 12 octubre de 1925.
260 ## - PUBLICACIÓN, DISTRIBUCIÓN, ETC.
Lugar de publicación, distribución, etc. Cáceres :
Nombre del editor, distribuidor, etc. Imp. y Enc. La Minerva,
Fecha de publicación, distribución, etc. 1925.
300 ## - DESCRIPCIÓN FÍSICA
Extensión 18 p. ;
Dimensiones 21 cm.
610 24 - PUNTO DE ACCESO ADICIONAL DE MATERIA--NOMBRE DE ENTIDAD CORPORATIVA
Nombre de entidad corporativa o nombre de jurisdicción como elemento de entrada Ateneo de Cáceres.
9 (RLIN) 1859
700 1# - ENTRADA AGREGADA--NOMBRE PERSONAL
Nombre de persona Vega y Relea, Juvenal de.
9 (RLIN) 113635
700 1# - ENTRADA AGREGADA--NOMBRE PERSONAL
Nombre de persona Hurtado, Publio.
9 (RLIN) 64784
852 ## - LOCALIZACIÓN
Ubicación ES-MaACL
Número de control de estantería 1696-F-12
Existencias
Estatus retirado Estado de pérdida Estado de daño No para préstamo Colección Biblioteca de origen Biblioteca actual Ubicación en estantería Fecha de adquisición Fuente de adquisición Total de préstamos Signatura topográfica completa Código de barras Visto por última vez Precio de reemplazo Tipo de ítem Koha
        Colección de folletos Biblioteca del Ateneo de Madrid Biblioteca del Ateneo de Madrid Depósito folletos 17/01/2008     1696-F-12 1152297 23/02/2023 23/02/2023 Folleto